00000000nam 2200000zi 4500
0019.946673
003CaOODSP
00520250324131004
006m     o  d f      
007cr mn|||||||||
008250109s1984    onca    ob   f000 0 fre d
040 |aCaOODSP|bfre|erda|cCaOODSP
0861 |aCo26-28/1984F-PDF
1001 |aCarey, Tom, |eauteur.
24510|aOutils de travail pour la conception d'interfaces d'utilisateurs des systèmes de bureautique / |cM. Tom Carey.
264 1|a[Ottawa] : |bProgramme de la bureautique = Office Communications Systems Program, |c[1984?]
300 |a1 ressource en ligne (72 pages) : |billustrations
336 |atexte|btxt|2rdacontent/fre
337 |ainformatique|bc|2rdamedia/fre
338 |aressource en ligne|bcr|2rdacarrier/fre
500 |aPublié aussi en anglais sous le titre : User interface tools for office communications systems.
500 |aÉdition numérisée de l'imprimé [par Innovation, sciences et développement économique Canada].
504 |aComprend des références bibliographiques (pages 68-72).
650 6|aInterfaces utilisateurs (Informatique)
650 6|aSystèmes bureautiques.
7101 |aCanada. |bMinistère des communications, |eorganisme de publication.
77508|tUser interface tools for office communications systems / |w(CaOODSP)9.939542
85640|qPDF|s1.59 Mo|uhttps://publications.gc.ca/collections/collection_2025/isde-ised/co26/Co26-28-1984-fra.pdf